|
|
|
|
| LEADER |
00000nam a2200000Ia 4500 |
| 008 |
170313b1980 US ||||| |||| 00| | spa d |
| 999 |
|
|
|c 1150
|d 1150
|
| 090 |
|
|
|a 151.223
|b H815h
|
| 100 |
1 |
|
|a Horne, Marcia D.
|9 2532
|
| 245 |
1 |
0 |
|a How attitudes are measured : A review of investigations of professional, peer, and parent attitudes toward the handicapped
|
| 260 |
|
|
|a New Jersey, Estados Unidos :
|b Educational Testing Service Princeton,
|c 1980
|
| 300 |
|
|
|a 61 páginas
|
| 650 |
1 |
4 |
|a MEDICIÓN
|9 38
|
| 650 |
1 |
4 |
|a ACTITUDES
|9 611
|
| 650 |
1 |
4 |
|a EVALUACIÓN
|9 287
|
| 650 |
1 |
4 |
|9 1066
|a OBSERVACIÓN
|
| 650 |
1 |
4 |
|a PRUEBAS
|9 629
|
| 942 |
|
|
|i 328098
|h 151.223 H815h
|2 z
|c 01
|